Ain't misbehavin' (Record no. 71808)

MARC details
000 -LEADER
fixed length control field 01544cam a2200265 4500
001 - CONTROL NUMBER
control field ABS66285
008 - FIXED-LENGTH DATA ELEMENTS--GENERAL INFORMATION
fixed length control field 021218n2002 000 0 eng u
035 ## - SYSTEM CONTROL NUMBER
System control number (Sirsi) u120828
100 ## - MAIN ENTRY--PERSONAL NAME
Personal name Blake, L.
245 ## - TITLE STATEMENT
Title Ain't misbehavin'
260 ## - PUBLICATION, DISTRIBUTION, ETC.
Date of publication, distribution, etc. 2002
490 ## - SERIES STATEMENT
Series statement Estates Gazette
Volume/sequential designation (0247) 23 November 2002, 140-141(2)
520 ## - SUMMARY, ETC.
Summary, etc. Mainly for students article looks at two recent cases where the House of Lords had to decide whether applications for 'antisocial behaviour orders' should be treated as criminal or civil matters. Amongst the considerations taken into account were standard of proof and hearsay evidence. In "Clingham v Kensington and Chelsea Royal LBC" [2002] and "R(on the application of McCann) v Manchester Crown Court" [2002], the defendants in both cases wanted them held in criminal courts in order to take advantage of the stricter rules of evidence used there. The House of Lords ruled that an application for an ASBO was a civil proceeding, even though a prosecution for breaking such an order would be a criminal offence.
590 ## - LOCAL NOTE (RLIN)
Local note ABS
650 ## - SUBJECT ADDED ENTRY--TOPICAL TERM
Topical term or geographic name entry element MAINLY FOR STUDENTS
650 ## - SUBJECT ADDED ENTRY--TOPICAL TERM
Topical term or geographic name entry element CLINGHAM V KENSINGTON AND CHELSEA ROYAL LBC
650 ## - SUBJECT ADDED ENTRY--TOPICAL TERM
Topical term or geographic name entry element R V MANCHESTER CROWN COURT EX P MCCANN
650 ## - SUBJECT ADDED ENTRY--TOPICAL TERM
Topical term or geographic name entry element HORNAL V NEUBERGER PRODUCTS
650 ## - SUBJECT ADDED ENTRY--TOPICAL TERM
Topical term or geographic name entry element BOTROSS V HAMMERSMITH AND FULHAM LBC
650 ## - SUBJECT ADDED ENTRY--TOPICAL TERM
Topical term or geographic name entry element STATUTORY NUISANCE
650 ## - SUBJECT ADDED ENTRY--TOPICAL TERM
Topical term or geographic name entry element MAGISTRATES' COURTS (HEARSAY EVIDENCE IN CIVIL PROCEEDINGS) RULES 1999
650 ## - SUBJECT ADDED ENTRY--TOPICAL TERM
Topical term or geographic name entry element ANTI-SOCIAL BEHAVIOUR ORDERS
690 ## - LOCAL SUBJECT ADDED ENTRY--TOPICAL TERM (OCLC, RLIN)
Topical term or geographic name as entry element PROPERTY AND LAND LAW-CASE LAW
942 ## - ADDED ENTRY ELEMENTS (KOHA)
Suppress in OPAC 0
Holdings
Withdrawn status Lost status Source of classification or shelving scheme Damaged status Not for loan Home library Current library Shelving location Date acquired Total Checkouts Full call number Barcode Date last seen Copy number Price effective from Koha item type
    Dewey Decimal Classification     London London Journal article 18/12/2002   ABS66285 120828-1001 06/08/2019 1 06/08/2019 Journal article